000 00340nam a22001457a 4500
008 210301b ||||| |||| 00| 0 eng d
020 _a0124444504
041 _aeng
080 _a311
082 _a311
100 _a55
101 _aSTA
245 _aChild Influences on Marital and Family Interaction
_cLerner, R. M
942 _2udc
_cBK
999 _c55344
_d55344